Pays d'Europe invisibles sur une carte - Statistiques

Statistiques générales
  • Ce quiz a été pris 78 fois
  • Le résultat moyen est 43 sur 45
Réponses sur la Carte
Les réponses sont colorées sur une échelle allant du rouge au vert en fonction du pourcentage des utilisateurs qui les ont devinées à leur premier essai. Vous pouvez retrouver ces pourcentages ci-dessous.
 
Statistiques - réponses
Pays % Correct
Belgique
100%
Luxembourg
100%
Allemagne
99%
Danemark
99%
Espagne
99%
Estonie
99%
France
99%
Lettonie
99%
Lituanie
99%
Pays-bas
99%
Pologne
99%
Portugal
99%
Andorre
97%
Autriche
97%
Bulgarie
97%
Croatie
97%
Grèce
97%
Italie
97%
Malte
97%
Royaume-Uni
97%
Albanie
96%
Biélorussie
96%
Finlande
96%
Roumanie
96%
Russie
96%
Slovénie
96%
Suède
96%
Suisse
96%
Vatican
96%
Hongrie
94%
Islande
94%
Macédoine du nord
94%
Norvège
94%
Serbie
94%
Ukraine
94%
République tchèque
93%
Saint-Marin
93%
Slovaquie
93%
Bosnie-Herzégovine
91%
Kosovo
91%
Monaco
91%
Irlande
90%
Liechtenstein
90%
Moldavie
88%
Monténégro
87%
Aucun quiz correspondant
Distribution des résultats
% des personnes avec chaque résultat
Percentile par nombre de réponses
Votre historique - résultats
Vous n’avez pas pris ce quiz